000
00311nam a22001097a 4500
005
20181224154700.0
008
181224b xxu||||| |||| 00| 0 eng d
022
_a
2249-0191
245
_a
International Journal of Management and Social Sciences (IJMSS)
260
_a
New Delhi
_b
Speak Foundation
_c
2018
942
_c
JRL
999
_c
5762
_d
5760